[Event "Krakow op-A 32nd"]
[Site "Krakow"]
[Date "2022.01.02"]
[Round "7"]
[White "Licznerski, Lukasz"]
[Black "Warakomski, Tomasz"]
[Result "1-0"]
[WhiteElo "2411"]
[BlackElo "2535"]
[PlyCount "131"]
[EventDate "2021.12.27"]
[EventType "swiss"]
[EventRounds "9"]
[EventCountry "POL"]
[SourceTitle "EXT 2023"]
[Source "ChessBase"]
[SourceDate "2022.10.05"]
[SourceVersion "1"]
[SourceVersionDate "2022.10.05"]
[SourceQuality "1"]

1. e4 c5 2. Nf3 d6 3. d4 cxd4 4. Nxd4 Nf6 5. Nc3 Nc6 6. Be2 e5 7. Nf3 h6 8. 0-0 Be7 9. Re1 Be6 10. h3 0-0 11. Bf1 Nb8 12. b3 Qc7 13. Bb2 a6 14. a4 Nbd7 15. Nd2 Qc6 16. Qf3 d5 17. exd5 Nxd5 18. Bc4 Nc7 19. Qxc6 bxc6 20. Bxe6 Nxe6 21. Nce4 f5 22. Ng3 Bb4 23. Red1 Rad8 24. Nc4 e4 25. Nd6 Ndc5 26. Ndxf5 Kh7 27. Nd4 Rd6 28. Ngf5 Nxd4 29. Rxd4 Rxd4 30. Nxd4 e3 31. fxe3 Bd2 32. Bc1 Bc3 33. Rb1 Ne4 34. Nf3 c5 35. Ba3 Rd8 36. Kh2 g5 37. g4 a5 38. Kg2 Kg6 39. Rf1 h5 40. gxh5+ Kxh5 41. Ng1 Kh4 42. Nf3+ Kh5 43. Ng1 Kh4 44. Ne2 Rd2 45. Kf3 Rxc2 46. Kxe4 Rxe2 47. Kd3 Re1 48. Rxe1 Bxe1 49. e4 Bg3 50. Bc1 Bc7 51. Be3 Bd6 52. Bd2 Bc7 53. Ke2 Bd8 54. e5 Kxh3 55. e6 g4 56. Bxa5 g3 57. Bxd8 g2 58. e7 g1Q 59. e8Q Qg4+ 60. Kd2 Qd4+ 61. Kc2 Qf2+ 62. Kb1 Qg1+ 63. Ka2 Qf2+ 64. Ka3 Qd4 65. Qe6+ Kg2 66. Bf6 1-0

[Event "Krakow op-A 32nd"]
[Site "Krakow"]
[Date "2022.01.02"]
[Round "6"]
[White "Warakomski, Tomasz"]
[Black "Sinz, Bernhard"]
[Result "1-0"]
[WhiteElo "2535"]
[BlackElo "2330"]
[PlyCount "69"]
[EventDate "2021.12.27"]
[EventType "swiss"]
[EventRounds "9"]
[EventCountry "POL"]
[SourceTitle "EXT 2023"]
[Source "ChessBase"]
[SourceDate "2022.10.05"]
[SourceVersion "1"]
[SourceVersionDate "2022.10.05"]
[SourceQuality "1"]

1. b3 g6 2. Bb2 Nf6 3. c4 Bg7 4. g3 0-0 5. Bg2 c6 6. Nf3 d5 7. 0-0 Bg4 8. d4 Nbd7 9. Nbd2 a5 10. Ne1 a4 11. Kh1 Qb6 12. cxd5 cxd5 13. f3 Bf5 14. e4 a3 15. Bc3 dxe4 16. fxe4 Bg4 17. Nc4 Qa6 18. Qd2 b5 19. Ne3 Bh6 20. Nd3 Rad8 21. Bb4 Qe6 22. Nf4 Bxf4 23. Rxf4 g5 24. Rxg4 Nxg4 25. Nf5 h6 26. Bxe7 Rfe8 27. Bxd8 Rxd8 28. Rf1 Kh7 29. Qc2 Nf8 30. h3 Rc8 31. Qd3 Nf6 32. e5 Nh5 33. Nd6+ Kg8 34. Nxc8 Qxc8 35. Qf3 1-0

[Event "Krakow op-A 32nd"]
[Site "Krakow"]
[Date "2021.12.29"]
[Round "3"]
[White "Cukrowski, Filip"]
[Black "Warakomski, Tomasz"]
[Result "1-0"]
[WhiteElo "2367"]
[BlackElo "2535"]
[PlyCount "107"]
[EventDate "2021.12.27"]
[EventType "swiss"]
[EventRounds "9"]
[EventCountry "POL"]
[SourceTitle "EXT 2023"]
[Source "ChessBase"]
[SourceDate "2022.10.05"]
[SourceVersion "1"]
[SourceVersionDate "2022.10.05"]
[SourceQuality "1"]

1. d4 Nf6 2. Nf3 d5 3. c4 c6 4. Qc2 dxc4 5. Qxc4 Bg4 6. Nc3 Nbd7 7. e4 e5 8. Be3 exd4 9. Nxd4 c5 10. Nf3 a6 11. Be2 b5 12. Qd3 c4 13. Qc2 Bxf3 14. gxf3 Nc5 15. Rd1 Qc7 16. f4 Qc6 17. Bf3 Rc8 18. Ke2 Qe6 19. e5 Nfd7 20. Ne4 Nd3 21. Ng5 Qf5 22. Kf1 N7c5 23. Rg1 Qd7 24. Bg4 Ne6 25. Nxf7 Qxf7 26. Rxd3 Bc5 27. Rd2 0-0 28. Bxc5 Rxc5 29. f5 Ng5 30. h4 h5 31. e6 Qe8 32. Bd1 Nh3 33. Rg3 Rcxf5 34. Rxh3 Qxe6 35. Rg3 Qf6 36. Kg1 Qxh4 37. Rd7 Rg5 38. Qc3 Rxf2 39. Rxg7+ Kf8 40. Kxf2 Qh2+ 41. Ke1 Qh1+ 42. Kd2 Rd5+ 43. Ke3 Rd3+ 44. Qxd3 cxd3 45. Bb3 Qe1+ 46. Kxd3 Qf1+ 47. Ke3 Qe1+ 48. Kd4 Qf2+ 49. Ke4 Qe2+ 50. Re3 Qxb2 51. Rf7+ Ke8 52. Kd3+ Kd8 53. Rg3 Qh8 54. Ra7 1-0